Tide of fortune : a family tale (Record no. 79099)

MARC details
000 -LEADER
fixed length control field 00652nam a2200217Ia 4500
008 - FIXED-LENGTH DATA ELEMENTS--GENERAL INFORMATION
fixed length control field 191130s2009##################000#0#eng##
020 ## - INTERNATIONAL STANDARD BOOK NUMBER
ISBN 9788184000795
082 ## - DEWEY DECIMAL CLASSIFICATION NUMBER
Classification number 967.61 MAN
100 ## - MAIN ENTRY--AUTHOR NAME
Personal name Madhvani, Manubhai
245 ## - TITLE STATEMENT
Title Tide of fortune : a family tale
Statement of responsibility, etc Manubhai Madhvani and Giles Foden
260 ## - PUBLICATION, DISTRIBUTION, ETC. (IMPRINT)
Place of publication Noida
Name of publisher Random House India
Year of publication 2009
300 ## - PHYSICAL DESCRIPTION
Number of Pages 268 p. : ill. ; 24 cm
650 ## - SUBJECT ADDED ENTRY--TOPICAL TERM
Topical Term Businessmen -- Africa, East -- Biography
Topical Term Madhvani Family
Topical Term Madhvani, Manubhai, -- 1930-
700 ## - ADDED ENTRY--PERSONAL NAME
Personal name Foden, Giles
991 ## -
-- 282895
Holdings
Withdrawn status Lost status Damaged status Not for loan Home library Current library Shelving location Date acquired Full call number Accession Number Price effective from Koha item type
        Anna Centenary Library Anna Centenary Library 7TH FLOOR, B WING 09.10.2020 967.61 MAN 336783 09.10.2020 English Books

Find us on the map